000 00701nam a2200217 a 4500
001 000040677
005 20201002034310.0
008 130905s2009 sp 000 0 spa d
020 _a9788437614236
040 _aDO-SdBNP
_bspa
_cBNPHU
100 1 _aLipski, John M.
_967042
240 1 0 _aLatin american spanish
_lEspañol
245 1 3 _aEl español de América /
_cJohn M. Lipski ; traductor Silvia Iglesias Recuero.
250 _a6a ed.
260 _aMadrid :
_bArtes Gráficas,
_c2009.
300 _a446 p.
500 _aIncluye notas al pie de las páginas
500 _aTraducido del idioma inglés
504 _aBibliografía : p. 387-446
700 1 _aIglesias Recuero, Silvia
_etrad.
_967043
999 _c40167
_d40167